| 000 | 00906cad a22002055a 4500 | ||
|---|---|---|---|
| 001 | L152630 | ||
| 008 | 110406s2011 xxk 000 0 eng d | ||
| 035 | _a(Sirsi) u152630 | ||
| 041 | 0 | _aeng | |
| 100 | 1 | _aWoodman, John | |
| 245 | 0 | 0 |
_aGetting to grips with dilapidations _h[electronic resource] |
| 260 | _c2011 | ||
| 490 | 0 |
_aRICS Commercial Property Journal _vMarch-April 2011, 22-23(2) |
|
| 520 | _aDilapidations has suffered a poor press over the years. Asks whether it is a licence to print fee notes or the chance to give clients an early and speedy settlement reflecting an accurate and sustainable claim. | ||
| 590 | _aKA | ||
| 651 | 4 |
_aUnited Kingdom _y |
|
| 690 | _aPROPERTY-LEASEHOLD PROPERTY-LANDLORD AND TENANT-DILAPIDATIONS | ||
| 856 | 4 | 0 |
_uhttps://www.rics.org/site/scripts/documents.aspx?categoryID=316 _zRICS members can view this article free of charge at www.rics.org |
| 942 | _n0 | ||
| 999 |
_c83041 _d83041 |
||